000 02437cas a2200565 a 4500
001 data
005 20260322212113.0
006 data
007 data
008 data
010 _a 2005201995
022 0 _a1936-8933
_21
023 0 _a1936-8925
_21
029 1 _aAU@
_b000040178012
029 1 _aAU@
_b000040178936
035 _a(OCoLC)62736012
037 _bUCLA Economics, Box 951477, Los Angeles, CA 90095-1477
040 _aDLC
_beng
_cDLC
_dOCLCQ
_dOCLCQ
_dNSD
_dDLC
_dOCLCQ
_dOCLCO
_dOCLCA
_dOCLCF
_dCLU
_dOCLCO
_dOCLCQ
_dOCLCL
_dOCLCQ
042 _ansdp
_ansdp
050 0 0 _aHB131
082 1 0 _a330
_214
_1https://id.oclc.org/worldcat/ddc/E37JHjV9yp67MdX74mthKYkKCx
130 0 _aWorking paper (University of California, Los Angeles. Department of Economics)
222 0 _aWorking paper
_b(University of California, Los Angeles. Dept. of Economics. Online)
245 1 0 _aWorking paper.
246 1 _iTitle from series web page:
_aWorking papers
246 1 _iSome issues have title:
_aUCLA working paper
246 1 _iSome issues have title:
_aUCLA Dept. of Economics working paper
260 _aLos Angeles :
_bDept. of Economics, University of California, Los Angeles,
_c1979-
310 _aIrregular
336 _atext
_btxt
_2rdacontent
337 _acomputer
_bc
_2rdamedia
338 _aonline resource
_bcr
_2rdacarrier
362 0 _aNo. 154 (June 1979)-
500 _aTitle from p. 1 of pdf file (viewed at the publisher's Web site, Dec. 22, 2005).
530 _aAlso issued in print.
538 _aMode of access: World Wide Web.
588 _aLatest issue consulted: 843 (July 13, 2005) (viewed Dec. 22, 2005).
650 0 _aEconomics
_xMethodology.
650 0 _aEconomics.
650 7 _aEconomics.
_2fast
_0(OCoLC)fst00902116
650 7 _aEconomics
_xMethodology.
_2fast
_0(OCoLC)fst00902160
710 2 _aUniversity of California, Los Angeles.
_bDepartment of Economics.
776 0 8 _iPrint version:
_tWorking paper (University of California, Los Angeles. Department of Economics)
_x1936-8925
_w(OCoLC)11628737
_w(OCoLC)11628737
780 0 0 _tDiscussion papers (University of California, Los Angeles. Department of Economics)
_w(OCoLC)62736002
_w(OCoLC)62736002
859 4 0 _uhttp://www.econ.ucla.edu/research/workingpapers.html
906 _a7
_bcbc
_cserials
_d2
_encip
_f20
_gn-oclcserc
925 0 _aacquire
_b1 shelf copy
_xpolicy default
955 _kdf49 2007-04-23
999 _c1696
_d1696